Normale Ansicht
MARC-Ansicht
Eintrag Personenname
001 - Kontrollnummer
- Kontrollfeld: 67847
003 - Kontrollnummer Identifier
- Kontrollfeld:
005 - Datum und Zeit der letzten Transaktion
- Kontrollfeld: 20251205124459.0
008 - Datenelemente mit fester Länge
- Kontrollfeld mit fester Länge: 251205|| aca||aabn | a|a d
040 ## - Katalogisierungsquelle
- Original-Katalogisierungsstelle:
- Übertragungsstelle:
100 ## - Ansetzung - Personenname
- Personenname: Ben-Nun, Gilad
670 ## - Datenquelle
- Quellenangabe: Work cat.: ()73324: Ben-Nun, Gilad., Globalizing Eastern Europe :